000 01779nam a22003977a 4500
001 13137835
003 OSt
005 20210426124738.0
008 030326s2003 ilua b 000 0 eng
010 _a 2003006879
020 _a1402200277 (alk. paper)
040 _aDLC
_cDLC
_dDLC
_beng
041 _aeng
043 _an-us---
050 0 0 _aJ81.4
_b.M93 2003
080 _a94
_bW-18
082 0 0 _a352.23/8/0973
_221
100 _9750
_aWaldman, Michael
245 0 0 _aMy fellow Americans :
_bthe most important speeches of America's presidents, from George Washington to George W. Bush /
_c[compiled] by Michael Waldman ; cds narrated by George Stephanopoulos ; [foreword by David Gergen].
_h/ by: Sourcebooks MediaFusion
250 _a1st edition
260 _aNaperville, Ill. :
_bSourcebooks MediaFusion
_c2003.
300 _axiii, 337 p.
_bill. ;
_c28 cm. +
_e2 sound discs (digital ; 4 3/4 in.)
504 _aIncludes bibliographical references.
650 0 _aPresidents
_zUnited States
_vMessages.
650 0 _aPolitical oratory
_zUnited States.
650 0 _aHistory
_9252
651 0 _aUnited States
_xPolitics and government.
653 _aისტორია
653 _aამერიკის შეერთებული შტატების პრეზიდენტები
700 1 _aWaldman, Michael,
_d1960-
700 1 _aStephanopoulos, George,
_d1961-
856 4 1 _3Table of contents
_uhttp://www.loc.gov/catdir/toc/ecip041/2003006879.html
906 _a7
_bcbc
_corignew
_d1
_eecip
_f20
_gy-gencatlg
942 _2udc
_cBK
_e1
999 _c1094
_d1094